000 01174nam0a22002891 4500
001 rc\4374451
005 20250612063428.0
021 _aRU
_b[62-83ж]
035 _a(NLR Aleph) 008543130
090 _a8359633
_c8359633
100 _a20130416d1961 |||y0rusy50 ca
101 0 _arus
102 _aRU
105 _aa z |||||
200 1 _aВопросы истории Казахстана XIX - начала XX века
_e[Сборник статей
_fРед. коллегия: ... Т.Е. Елеуов (отв. ред.) и др.]
210 _aАлма-Ата
_cИзд-во Акад. наук КазССР
_d1961
215 _a203 с., 1 л. табл.
_d27
225 1 _aАкадемия наук КазССР. Труды Института истории, археологии и этнографии
_vТ. 11
300 _aНа корешке загл.: История
516 0 _aИстория
607 _aКазахская ССР
_xИстория
_z19-20 вв.
_jСборники
_2psbo
702 1 _aЕлеуов
_bТ.Е.
_gТажен Е.
_4340
801 0 _aRU
_bNLR
_gpsbo
801 1 _aRU
_bELAR
_2rusmarc
852 _aNLR
_jП32/212
942 _cBOOK
980 _aNB